<?xml version="1.0" encoding="UTF-8"?>
<record
    xmlns:xsi="http://www.w3.org/2001/XMLSchema-instance"
    xsi:schemaLocation="http://www.loc.gov/MARC21/slim http://www.loc.gov/standards/marcxml/schema/MARC21slim.xsd"
    xmlns="http://www.loc.gov/MARC21/slim">

  <leader>02218nab a2200289uuc4500</leader>
  <controlfield tag="001">1496802</controlfield>
  <controlfield tag="005">20240202130814.0</controlfield>
  <controlfield tag="008">180612e20171210                    eng  </controlfield>
  <datafield tag="035" ind1=" " ind2=" ">
    <subfield code="a">1496802</subfield>
  </datafield>
  <datafield tag="040" ind1=" " ind2=" ">
    <subfield code="c">comduadb</subfield>
  </datafield>
  <datafield tag="041" ind1=" " ind2=" ">
    <subfield code="a">eng</subfield>
  </datafield>
  <datafield tag="100" ind1="1" ind2="0">
    <subfield code="a">L&#xF3;pez Contreras, Yuly Fernanda</subfield>
    <subfield code="4">aut</subfield>
    <subfield code="e">aut</subfield>
    <subfield code="9">771328</subfield>
  </datafield>
  <datafield tag="245" ind1="1" ind2="0">
    <subfield code="a">Adhesion forces in asphalt mixtures at nanoscale</subfield>
  </datafield>
  <datafield tag="520" ind1="3" ind2=" ">
    <subfield code="a">Las fuerzas de adhesi&#xF3;n entre asfalto y diferentes minerales fueron obtenidas empleando el microscopio de fuerza at&#xF3;mica (AFM). El AFM permite el estudio de la interacci&#xF3;n entre dos mol&#xE9;culas en la misma superficie o en interfaces y su comportamiento. En esta investigaci&#xF3;n, varias muestras de asfalto con diferentes propiedades fueron puestas en contacto con puntas modificadas para el AFM. Estas puntas fueron fabricadas con minerales com&#xFA;nmente encontrados en los agregados empleados en mezclas asf&#xE1;lticas, como son en di&#xF3;xido de silicio (SiO2) y el carbonato de calcio (CaCO3). El trabajo de adhesi&#xF3;n fue obtenido empleando curvas de fuerza - distancia para cada sistema asfalto-mineral. La medici&#xF3;n directa de las fuerzas desarrolladas entre asfalto y agregado en la interface empleando t&#xE9;cnicas nanoscopicas proveen un mejor entendimiento del sistema y sus caracter&#xED;sticas. Esto, sin duda alguna contribuir&#xE1; en la selecci&#xF3;n de combinaciones asfalto - agregado empleadas en mezclas asf&#xE1;lticas que desarrollen enlaces m&#xE1;s fuertes, produciendo sistemas m&#xE1;s resistentes a las diferentes fallas relacionadas al fen&#xF3;meno de adhesi&#xF3;n que pueden generarse en pavimentos asf&#xE1;lticos.</subfield>
  </datafield>
  <datafield tag="650" ind1=" " ind2=" ">
    <subfield code="a">Adhesi&#xF3;n</subfield>
    <subfield code="9">182633</subfield>
  </datafield>
  <datafield tag="650" ind1=" " ind2=" ">
    <subfield code="a">Mezclas asf&#xE1;lticas</subfield>
    <subfield code="9">36872</subfield>
  </datafield>
  <datafield tag="650" ind1=" " ind2=" ">
    <subfield code="a">Asfalto</subfield>
    <subfield code="9">57679</subfield>
  </datafield>
  <datafield tag="650" ind1=" " ind2=" ">
    <subfield code="a">Carbonato de calcio</subfield>
    <subfield code="9">23883</subfield>
  </datafield>
  <datafield tag="650" ind1=" " ind2=" ">
    <subfield code="a">Di&#xF3;xido de silicio</subfield>
    <subfield code="9">153809</subfield>
  </datafield>
  <datafield tag="650" ind1=" " ind2=" ">
    <subfield code="a">Microscopio de fuerza at&#xF3;mica (MFA)</subfield>
    <subfield code="9">145885</subfield>
  </datafield>
  <datafield tag="700" ind1="1" ind2="0">
    <subfield code="a">Chaves Guerrero, Arlex</subfield>
    <subfield code="4">aut</subfield>
    <subfield code="e">aut</subfield>
    <subfield code="9">713071</subfield>
  </datafield>
  <datafield tag="700" ind1="1" ind2="0">
    <subfield code="a">Akbulut, Mustaka</subfield>
    <subfield code="4">aut</subfield>
    <subfield code="e">aut</subfield>
    <subfield code="9">771329</subfield>
  </datafield>
  <datafield tag="700" ind1="1" ind2="0">
    <subfield code="a">Cheng, Zhengdong</subfield>
    <subfield code="4">aut</subfield>
    <subfield code="e">aut</subfield>
    <subfield code="9">771139</subfield>
  </datafield>
  <datafield tag="700" ind1="1" ind2="0">
    <subfield code="a">Hoyos Mar&#xED;n, Luis Javier</subfield>
    <subfield code="4">aut</subfield>
    <subfield code="e">aut</subfield>
    <subfield code="9">592701</subfield>
  </datafield>
  <datafield tag="773" ind1="0" ind2=" ">
    <subfield code="t">CT&amp;F : Ciencia,Tecnolog&#xED;a y Futuro (Bucaramanga)</subfield>
    <subfield code="g">Volumen 07, N&#xFA;mero 01, Diciembre 2017, 59-72</subfield>
    <subfield code="w">116836</subfield>
    <subfield code="x">0122-5383</subfield>
    <subfield code="0">70714</subfield>
  </datafield>
  <datafield tag="942" ind1=" " ind2=" ">
    <subfield code="c">ARIMP</subfield>
  </datafield>
  <datafield tag="999" ind1=" " ind2=" ">
    <subfield code="c">772127</subfield>
    <subfield code="d">772127</subfield>
  </datafield>
</record>
